LEADER 00756nam a2200193 i 4500 001 000000258183 003 CaOOAMICUS 005 20180418000000.0 008 180418s1835 xx u000 u fre u 013 $a237091 040 $aSeMil$bita 245 10$aTome 2. 300 $a434 p. 773 0 $aDezobry, Charles <1798-1871>$tRome au siècle d'Auguste ou Voyage d'un Gaulois à Rome à l'époque du règne d'Auguste et pendant une partie du règne de Tibère.$dParis : Librairie classique et élémentaire de L. Hachette, 1835.$g2$w()17053 850 $aSeMil 852 $aSeMil$W1$xVenegono$y1$m3T IV 113 FA$j208529$B208529$CSeMilBibl$Z2$F222176 $8I 941 1 $a10 961 $aRecupero: Mantegazza 996 $6245$aTome 2$9(OLS)http://semarc/title/1533 LEADER 01029nam a2200277 i 4500 001 000000246158 003 CaOOAMICUS 005 20151027000000.0 008 151027s2003 it u000 u ita u 013 $a225063 020 $a88-200-3566-9 040 $aSeMil$bita 100 1 $aPansa, Giampaolo,$d<1935-2020>.$0(OLS)http://semarc/name/39865 245 13$aIl sangue dei vinti /$cGiampaolo Pansa. 250 $a5. ed. 260 $aMilano :$bSperling & Kupfer,$cc 2003. 300 $aX, 380 p.; 22 cm. 490 0 $aSaggi. Storia 500 $aIn cop. : Quello che accadde in Italia dopo il 25 Aprile. 830 0$aSaggi. Storia.$0(OLS)http://semarc/title/39079 850 $aSeMil 852 $aSeMil$W1$xVenegono$y1$m3U III 471$j196504$B196504$CSeMilBibl$Z2$F207473 $81 961 $aOmaggio: Altro 996 $6020$a88-200-3566-9$9(OLS)http://semarc/number/254988 996 $6245$aIl sangue dei vinti$9(OLS)http://semarc/title/347874 996 $6260$aMilano :$bSperling & Kupfer$9(OLS)http://semarc/publisher/31721